Toxoplasmic meningoencephalitis in a west Indian manatee (Registro nro. 9699)
[ vista simple ]
| 000 -CABECERA | |
|---|---|
| Campo de control | 005580000a22001810004500 |
| 090 ## - CLASIFICACIÓN LOCAL | |
| Colección | AR |
| Consecutivo | 00607 |
| 041 0# - IDIOMA | |
| Código de idioma para texto/pista de sonido o título separado | |
| 100 1# - ASIENTO PRINCIPAL--NOMBRE PERSONAL | |
| Nombre personal | Buergelt, Claus D. |
| 245 10 - MENCION DE TITULO | |
| Título | Toxoplasmic meningoencephalitis in a west Indian manatee |
| 650 14 - ASIENTO SECUNDARIO DE MATERIA - TERMINO TEMATICO | |
| Término temático o nombre geográfico como elemento de entrada | Mamíferos acuáticos |
| 650 14 - ASIENTO SECUNDARIO DE MATERIA - TERMINO TEMATICO | |
| Término temático o nombre geográfico como elemento de entrada | Patología animal |
| 650 14 - ASIENTO SECUNDARIO DE MATERIA - TERMINO TEMATICO | |
| Término temático o nombre geográfico como elemento de entrada | Parasitismo |
| 650 14 - ASIENTO SECUNDARIO DE MATERIA - TERMINO TEMATICO | |
| Término temático o nombre geográfico como elemento de entrada | Enfermedades animales |
| 653 ## - TERMINO DE INDIZACION - NO CONTROLADO | |
| -- | Trichechus |
| -- | Trichechus manatus |
| -- | manatí |
| 700 1# - ASIENTO SECUNDARIO - NOMBRE PERSONAL | |
| Nombre personal | Bonde, Robert K. |
| 773 1# - Item fuente: | |
| Título | Javma |
| Especificación de materiales | 235 |
| Descripción física | 11 |
| Paginas del Articulo | 1294-1296 |
| Lugar, editorial y fecha de publicación | 1983 |
| Información sobre la relación | 183 |
| 942 ## - ELEMENTOS ADICIONALES (KOHA) | |
| Tipo de ítem | Artículo |
| Withdrawn status | Lost status | Damaged status | No para préstamo | Colección | Ubicación Permanente | Ubicación actual | Fecha de adquisición | Fuente de Valor | Datos de publicación Seriada | Total Checkouts | Número topográfico | Inventario / Código de Barras | Date last seen | Ejemplar | Price effective from | Forma de adquisición | Tipo de material |
|---|---|---|---|---|---|---|---|---|---|---|---|---|---|---|---|---|---|
| No para Préstamo | Hemeroteca | Bogotá | Bogotá | 27/02/2015 | Fernández, Fernando | Fuera de circulación | AR 00607 | 010923 | 25/03/2015 | 1 | 25/03/2015 | Artículo |